000
00314nam a22001337a 4500
008
170706b xxu||||| |||| 00| 0 eng d
020
_a
9780205184637
041
_a
eng
080
_a
05
100
_a
22
101
_a
GJL
245
_a
RHETORIC CONCEPT DERFINITIONS BOUNDARIES
_c
COVINO.W.A
942
_2
udc
_c
BK
999
_c
19972
_d
19972